000 00791nam a22002417a 4500
005 20170124110202.0
010 _aA-798189
020 _a8120310098
_c150.00
035 _aA-798189
037 _bCen Lib/Ret
040 _aDPL
_bEN
082 _a001.6403
_bPFA
100 _aPfaffenberger, Bryan
_914414
245 _aComputer and internet dictionary /
_c by Bryan pfaffenberger [and] David wall
250 _a6th ed
260 _a New Delhi
_bPrentice hall of India
_c1995
270 _aM-97, Connaught circus
_b New Delhi
_e110001
300 _ax,574p.
_c21cm(Hb)
650 _aComputers -- Terminology -- Dictionaries
_972481
650 _aInternet -- Terminology -- Dictionaries
_972482
700 _awall, David
_957204
942 _2ddc
_cEN
_h001.6403
_mPFA
999 _c132987
_d132987